Top Five Languages by Language Family - Statistics

General Stats
  • This quiz has been taken 53,359 times
  • The average score is 28 of 58
Answer Stats
Language Family Language % Correct
Romance French
97%
Romance Spanish
97%
Germanic English
96%
Germanic German
95%
Romance Italian
95%
Turkic Turkish
92%
Romance Portuguese
91%
Slavic Russian
91%
Sino-Tibetan Mandarin
86%
Germanic Dutch
81%
Romance Romanian
81%
Afroasiatic Arabic
80%
Celtic Irish
78%
Germanic Swedish
78%
Indo-Iranian Hindi
76%
Slavic Polish
75%
Slavic Ukrainian
75%
Celtic Scottish Gaelic
73%
Uralic Finnish
71%
Slavic Serbo-Croatian
71%
Uralic Hungarian
63%
Sino-Tibetan Cantonese
62%
Celtic Welsh
58%
Indo-Iranian Urdu
57%
Slavic Czech
56%
Uralic Estonian
49%
Turkic Kazakh
48%
Austronesian Malay
48%
Niger-Congo Swahili
47%
Indo-Iranian Bengali
45%
Turkic Uzbek
45%
Dravidian Tamil
44%
Austronesian Tagalog
42%
Germanic Afrikaans
41%
Turkic Azerbaijani
37%
Indo-Iranian Punjabi
34%
Sino-Tibetan Wu
33%
Niger-Congo Igbo
28%
Celtic Breton
25%
Afroasiatic Amharic
24%
Niger-Congo Yoruba
24%
Celtic Cornish
23%
Sino-Tibetan Min Nan
22%
Austronesian Javanese
20%
Afroasiatic Somali
20%
Dravidian Telugu
20%
Indo-Iranian Marathi
18%
Dravidian Kannada
15%
Dravidian Malayalam
15%
Afroasiatic Hausa
14%
Turkic Uyghur
13%
Sino-Tibetan Hakka
10%
Afroasiatic Oromo
9%
Austronesian Sundanese
8%
Niger-Congo Fula
7%
Austronesian Cebuano
6%
Niger-Congo Kinyarwanda
4%
Dravidian Gondi
2%
No matching quizzes found
Score Distribution
Percent of People with Each Score
Percentile by Number Answered
Your Score History
You have not taken this quiz